000
00277nam a2200097Ia 4500
001
648513
005
20250826153723.0
008
250824s9999 xx 000 0 und d
245
0
_a
ESRARENGİZ YABANCI/ ŞİMENDİFER ÇOCUKLARI/ SERT KAP
_c
ESRA KİREÇCİ
260
_b
GENÇ TİMAŞ
999
_c
648513
_d
648513